Casas unifamiliares en Estados Unidos
| Main Authors: | , |
|---|---|
| Format: | Section = Libro |
| Language: | Undetermined Spanish |
| Published: |
Barcelona
Gustavo Gili
1962
|
| Subjects: |
| LEADER | 00463nam a2200181Ia 4500 | ||
|---|---|---|---|
| 008 | 240829s9999 xx 000 0 und d | ||
| 040 | |a BIBLIOTECA-RUSB/ 728 B726 | ||
| 041 | |a spa | ||
| 082 | |a 728 B726 | ||
| 100 | 1 | |a Borcherdt, Helmut | |
| 100 | 1 | |b Traub, Volker | |
| 245 | 1 | 0 | |a Casas unifamiliares en Estados Unidos |
| 260 | |a Barcelona |b Gustavo Gili |c 1962 | ||
| 300 | |a 159 p. :il. | ||
| 650 | 7 | |a CASAS UNIFAMILIARES | |
| 942 | |c BK |2 ddc | ||
| 991 | |a TEXTO | ||
| 999 | |c 5272 | ||